Statistics for 10 Smallest European Countries by Area Quiz

Click here to take the quiz!

General Stats

  • This quiz has been taken 1,864 times
    (1,863 since last reset)
  • The average score is 9 of 10

Answer Stats

Area(Sq. Km.)Answer% Correct
0.44Vatican City
99%
61San Marino
97%
1.95Monaco
96%
468Andorra
94%
2,586Luxembourg
92%
316Malta
91%
160Liechtenstein
86%
10,887Kosovo
84%
13,812Montenegro
78%
20,271Slovenia
59%

Score Distribution

Percentile by Number Answered

Percent of People with Each Score

Your Score History

You have not taken this quiz since the last reset